| 000 | 00522nmm a22001817a 4500 | ||
|---|---|---|---|
| 005 | 20160721161737.0 | ||
| 008 | 150703b xxu||||| |||| 00| 0 spa d | ||
| 041 | _aspa | ||
| 082 | _aSE 124 | ||
| 100 |
_aGamboa Bonilla, Jessica _910241 |
||
| 245 | _aInforme de práctica supervisado realizada en el Banco Nacional de Costa Rica | ||
| 260 | _c2015 | ||
| 650 |
_aSECRETARIADO EJECUTIVO _912304 |
||
| 650 |
_aARCHIVO _93521 |
||
| 650 |
_aTÉCNICAS SECRETARIALES _912305 |
||
| 650 |
_aDOCUMENTOSCOPÍA _9116 |
||
| 942 | _cIP | ||
| 999 |
_c8199 _d8199 |
||